Hiểu về trái tim

Viết lên những suy nghĩ của tác giả về mọi cung bậc cảm xúc của con người, từ khổ đau, hạnh phúc, yêu thương, tha thứ đến bình yên, yếu đuối, thành công, tham vọng

Sparad:
Bibliografiska uppgifter
Huvudupphovsman: Minh Niệm
Materialtyp: Bok
Språk:Undetermined
Publicerad: Tp.HCM Trẻ 2013
Ämnen:
Taggar: Lägg till en tagg
Inga taggar, Lägg till första taggen!
Thư viện lưu trữ: Trung tâm Học liệu Trường Đại học Cần Thơ
LEADER 00777nam a2200205Ia 4500
001 CTU_188121
008 210402s9999 xx 000 0 und d
020 |c 98000 
082 |a 158 
082 |b M312 
100 |a Minh Niệm 
245 0 |a Hiểu về trái tim 
245 0 |c Minh Niệm 
260 |a Tp.HCM 
260 |b Trẻ 
260 |c 2013 
520 |a Viết lên những suy nghĩ của tác giả về mọi cung bậc cảm xúc của con người, từ khổ đau, hạnh phúc, yêu thương, tha thứ đến bình yên, yếu đuối, thành công, tham vọng 
650 |a Psychology, applied,Tâm lý học ứng dụng 
904 |i Bằng 
980 |a Trung tâm Học liệu Trường Đại học Cần Thơ